| 000 | 00329 a2200133 4500 | ||
|---|---|---|---|
| 001 | 88869 | ||
| 082 | _aPR 792 | ||
| 090 |
_c42010 _d42010 |
||
| 100 | _aRaja Nouman | ||
| 245 | _aDesign and fabrication of angle of attack indicator | ||
| 260 |
_aKarachi _bNED _c1981 |
||
| 300 |
_a62p. _eInsha Hamid |
||
| 500 | _aBE Project Reports | ||
| 942 |
_aCAE NUST _kPR 792 |
||
| 999 |
_c323942 _d323942 |
||